Priama konverzia rastlinných olejov, iných kyslík-obsahujúcich frakcií a produktov termického spracovania polymérov na motorové palivá v procese fluidného katalytického krakovania

Na minha lista:
Detalhes bibliográficos
Autor principal: Lovás, Peter (Author)
Outros Autores: Hudec, Pavol (Thesis advisor)
Formato: Manuscrito Livro
Idioma:eslovaco
Publicado em: 2015
Assuntos:
Acesso em linha:http://is.stuba.sk/zp/portal_zp.pl?podrobnosti=89489
Tags: Adicionar Tag
Sem tags, seja o primeiro a adicionar uma tag!

MARC

LEADER 00000ntm a22000003a 4500
001 stuzp29120
003 SK-STU
005 20160719152906.8
007 ta
008 150427s2015----xo-----f-mn---000-0-slo-d
040 |a STU  |b slo 
041 0 |a slo 
100 1 |a Lovás, Peter  |u 048170  |4 aut  |U FCHPT Ústav organickej chémie, katalýzy a petrochémie  |T FCHPT Oddelenie technológie ropy a petrochémie  |X 40435  |U C8170  |Y 125  |7 A000040435 
242 0 1 |a Direct conversion of vegetable oils, other oxygen-rich oil fractions and products of polymer thermal cracking into motor fuels in the process of fluid catalytic cracking  |y eng 
245 1 0 |a Priama konverzia rastlinných olejov, iných kyslík-obsahujúcich frakcií a produktov termického spracovania polymérov na motorové palivá v procese fluidného katalytického krakovania 
260 |c 2015 
650 4 |a kyslíkaté oleje  |2 slo 
650 4 |a katalytické krakovanie  |2 slo 
650 4 |a polymérny odpad  |2 slo 
650 4 |a benzín  |2 slo 
650 4 |a propylén  |2 slo 
650 4 |a polymer waste  |2 eng 
650 4 |a catalytic cracking  |2 eng 
650 4 |a oxygen-rich oils  |2 eng 
650 4 |a gasoline  |2 eng 
650 4 |a propylene  |2 eng 
700 1 |a Hudec, Pavol  |4 ths  |X 3310  |7 A000003310 
856 4 |u http://is.stuba.sk/zp/portal_zp.pl?podrobnosti=89489 
SQL |a stuzp29120  |b DDZ  |c SLO  |d Priama konverzia rastlinných olejov, iných kyslík-obsahujúcich frakcií a produktov termického spracovania polymérov na motorové palivá v procese fluidného katalytického krakovania  |e 40435  |f Lovás, Peter  |g 048170  |h 3310  |i Hudec, Pavol  |j 20150825  |k 825  |l 04  |m http://is.stuba.sk/zp/portal_zp.pl?podrobnosti=89489  |n D-OTTP  |o 5.2.20. organická technológia a technológia palív